| 000 | 00341nam a22001217a 4500 | ||
|---|---|---|---|
| 008 | 230619b xxu||||| |||| 00| 0 eng d | ||
| 082 |
_a016.9 _bLSS |
||
| 100 | _cLOK Sabha Secretariat | ||
| 245 | _aPeriodicals and Newspapers in Parliament Library | ||
| 260 |
_aNew Delhi _bLOK Sabha Secretariat _cJune, 2009 |
||
| 300 | _a67p | ||
| 942 |
_2ddc _cBK |
||
| 999 |
_c1155 _d1155 |
||